Termomechanika : zbierka príkladov /

Gespeichert in:
Bibliographische Detailangaben
1. Verfasser: Čarnogurská, Mária (Verfasst von)
Format: Buch
Sprache:Slowakisch
Veröffentlicht: Košice TU 2015
Schlagworte:
Tags: Tag hinzufügen
Keine Tags, Fügen Sie das erste Tag hinzu!

MARC

LEADER 00000nam a22000003a 4500
001 0068897
003 SK-STU
005 20181122104348.4
007 ta
008 181122s ----xo-----e------000-0-----d
020 |a 978-80-553-2036-6 
040 |a STU  |b slo 
041 0 |a slo 
044 |a xo 
100 1 |a Čarnogurská, Mária  |4 aut 
245 1 0 |a Termomechanika :  |b zbierka príkladov /  |c aut. Mária Čarnogurská 
260 |a Košice  |b TU  |c 2015 
300 |a 265 s. 
650 0 7 |a Termomechanika 
996 |b 284M088046  |c M* S-1702-1  |l MMST  |s A  |a 24  |w 0068897_0001